000 00687nam a2200265Ia 4500
003 OSt
005 20221005090452.0
006 a|||||r|||| 00| 0
007 ta
008 221004b |||||||| |||| 00| 0 eng d
020 _a0824798651
024 _a25072
037 _cTextual
040 _aCRL
_cCRL
_beng
041 _2eng
_aeng
082 _aL:46, N8
100 _aSardesai Vishwanath M
_9615318
245 0 _aClinical nutrition
260 _aNew York
_bMarcel Dekker
_c1998
300 _a481p.
_ccm.
650 _a NUTRITION
_9423166
650 _aDIET THERAPY
_9601575
942 _hL:46, N8
_cTEXL
_2cc
999 _c995850
_d995850